Guess the Taylor Swift song (12) - Statistics

General Stats
  • This quiz has been taken 20 times
  • The average score is 179 of 310
Answer Stats
Answer % Correct
a
94%
A
94%
I
94%
you
94%
and
88%
And
88%
it
88%
the
88%
The
88%
where
88%
Your
88%
your
88%
Did
81%
he
81%
in
81%
In
81%
is
81%
love
81%
Love
81%
me
81%
on
81%
so
81%
was
81%
we
81%
We
81%
were
81%
Be
75%
her
75%
my
75%
My
75%
No
75%
Some
75%
If
69%
it's
69%
but
63%
didn't
63%
I'm
63%
Paris
63%
that
63%
with
63%
at
56%
Cause
56%
else
56%
friend's
56%
not
56%
photos?
56%
see
56%
somewhere
56%
stop
56%
thanks
56%
though
56%
to
56%
ages
50%
all
50%
bedroom
50%
breathing
50%
ceiling
50%
ex
50%
Like
50%
might
50%
news
50%
out
50%
sister
50%
someone
50%
up
50%
2003
44%
ago
44%
by
44%
club
44%
Drew
44%
drew
44%
guy
44%
has
44%
hooked
44%
just
44%
kissed
44%
map
44%
met
44%
outfits
44%
terrible
44%
alleyway
38%
Champagne
38%
kind
38%
Turns
38%
unbearable
38%
view
38%
wannabe
38%
want
38%
Z-lister
38%
believe
31%
down
31%
make
31%
taken
31%
that's
31%
Cheap
25%
Drinking
25%
grown
25%
keep
25%
pretend
25%
shade
25%
side
25%
Sit
25%
wine
25%
yours
25%
alleyways
19%
dead
19%
door
19%
mean
19%
midnight
19%
mind
19%
page
19%
Privacy
19%
Romance
19%
sign
19%
Stumble
19%
thrown
19%
tree
19%
under
19%
whole
19%
world
19%
Yes
19%
above
13%
clever
13%
Confess
13%
culture's
13%
cursive
13%
into
13%
Let
13%
Levitate
13%
loving
13%
made
13%
messes
13%
only
13%
somewhere
13%
transport
13%
truth
13%
brainwash
6%
flashing
6%
forever
6%
letters
6%
lights
6%
quite
6%
sloping
6%
swooping
6%
tower
6%
No matching quizzes found
Score Distribution
Percent of People with Each Score
Percentile by Number Answered
Your Score History
You have not taken this quiz